| 000 | 02291nam a2200397 c 4500 | ||
|---|---|---|---|
| 003 | BLK | ||
| 005 | 20230801113815.0 | ||
| 008 | 180410b bul|||||r ||||||| ||bul|| | ||
| 010 | _aKNG00158023000 | ||
| 040 | _aBLK | ||
| 041 |
_aBUL _cBUL |
||
| 080 |
_aНемска литература _b821.112.2 _x(081) _z821.112.2(081) |
||
| 080 |
_aТеатър. Сценично изкуство. Вж 725.82; 782; 82-2 _b792 _z792 |
||
| 080 |
_aЛитературна естетика. Философия на литературата _b82.01 _z82.01 |
||
| 100 | 1 |
_aБрехт, Бертолт _eпърви автор _9370917 |
|
| 139 |
_aБрехт, Бертолт _bБ 80 |
||
| 245 | 1 | 0 |
_aИзбрани творби _bВ 4 т. _cБертолт Брехт; ред. кол. Венцеслав Константинов; с предг. от Вернер Митенцвай; състав. Константин Илиев; прев. на том Вили Брюкнер. _nТ. 4. _pРазмисли върху театъра и литературата |
| 257 | _aDEU | ||
| 260 |
_bНар. култура _c1983 - |
||
| 300 | _c21 см | ||
| 380 | _aX | ||
| 500 | _aДруги ред.: К. Илиев, Н. Попова. | ||
| 600 | 1 | 4 |
_aБрехт, Бертолт _9370917 |
| 700 | 1 |
_aКонстантинов, Венцеслав _eред. кол. _9367608 |
|
| 700 | 1 |
_aМитенцвай, Вернер _eс предг. от _997216 |
|
| 700 | 1 |
_aБрюкнер, Вили _eпрев. на том _9377990 |
|
| 700 |
_aИлиев, Константин Илиев _d1937- _9407884 |
||
| 760 | 1 |
_aБрехт, Бертолт _d1985 _h501 с. _nПрев. е направен от Gesammelte Werke in 8 Banden / Bertolt Brecht. - Други прев.: В. Константинов, Б. Мирчев. - В кн. озн. 1. и 2. изд. - 9 125 тир. - Съдържа и Бертолт Брехт - живот и дати. _tТ. 4. Размисли върху театъра и литературата |
|
| 852 | _aЦб 120062 | ||
| 856 | 4 | _qpdf | |
| 856 | 4 | _qpdf | |
| 942 |
_cKNG _n0 _02 |
||
| 944 |
_aCR _c17.03.2014 _lТеодора Пейчева-Дянкова _k30556 |
||
| 944 |
_aED _c20.02.2018 _l17.03.2014 - от С1,Р / 17.03.2014 _kВиолета_Тройчева |
||
| 999 |
_c151618 _d151618 |
||
| 999 | _d151618 | ||